[Event "Voronezh op 16th"]
[Site "Voronezh"]
[Date "2012.06.14"]
[Round "3"]
[White "Zakhartsov, Viacheslav V"]
[Black "Rodin, Dmitrij"]
[Result "1/2-1/2"]
[WhiteElo "2562"]
[BlackElo "2353"]
[Annotator "Zakhartsov,Vi"]
[PlyCount "61"]
[EventDate "2012.06.12"]
[EventType "swiss"]
[EventRounds "9"]
[EventCountry "RUS"]
[SourceTitle "CBM 149"]
[Source "ChessBase"]
[SourceDate "2012.07.17"]
[SourceVersion "1"]
[SourceVersionDate "2012.07.17"]
[SourceQuality "1"]

1. d4 Nf6 2. c4 e6 3. Nf3 b6 4. a3 Bb7 5. Nc3 d5 6. cxd5 Nxd5 7. Qc2 Be7 8. e4
Nxc3 9. bxc3 O-O 10. Bd3 c5 11. O-O Nd7 {Played after a long period of thought.
} ({The main moves are} 11... Qc8) ({and} 11... Qc7) 12. d5 $6 {I believed
that this is a "refutation" of 11...Nd7, but I was wrong.} ({A better move
would be the quiet} 12. Bf4 Rc8 13. Qe2 {with better prospects for White. Now
my opponent again plunged into deep thought and played...}) 12... c4 $1 {
Of course, this move was born over the board (I need to say that he spent
about 1 hour on his 11th and 12th moves). But this is not a novelty:
previously the first and only time this was played was by none other than A.
Morozevich back in 1994!} ({I had considered only} 12... exd5 13. exd5 h6 (
13... Bxd5 14. Bxh7+ Kh8 15. Be4) 14. c4 {with advantage to White.}) 13. Bxc4
Rc8 14. Ba2 (14. dxe6 Rxc4 15. exd7 Qxd7 16. Nd2 Rc5 {and Black has more than
enough compensation for the pawn.}) 14... exd5 15. exd5 (15. Bxd5 Bxd5 16. exd5
Nf6 (16... Bf6 17. Bb2 b5 18. Rad1 Nb6 {with excellent compensation,
Moskalenko-Morozevich, Moscow 1994}) 17. Rd1 Qc7 18. Bg5 Rfd8 {and Black
regains the material balance.}) 15... Nf6 16. Rd1 ({A better try would be} 16.
Bb2 Nxd5 17. Rad1 {, but I had overlooked...}) 16... Nxd5 $1 {I could not
believe my eyes! The black knight voluntarily goes into the pin, but White
cannot take advantage of this.} 17. Bb2 (17. Rd3 $2 Rxc3 18. Rxc3 Nxc3 19. Qxc3
$2 Bf6 {winning the rook on a1. And in the further course of the game White
suffered because of this undeveloped rook...}) 17... Rc5 18. c4 Bf6 19. Ne5 (
19. Bxf6 Qxf6 20. Qe4 Nc3 21. Qxb7 Nxd1 22. Rxd1 Qb2 23. Bb1 Rxc4 {and Black
is fine:} 24. Bd3 Rc1 25. Rxc1 Qxc1+ 26. Bf1 Qxa3) 19... Qc8 (19... Qc7 {
was also possible:} 20. Nd7 (20. Nd3 Ra5) 20... Qxd7 21. Bxf6 Qc6 $1 (21...
gxf6 22. Qd3) (21... Qg4 $5 22. f3 Ne3 23. fxg4 Nxc2) 22. cxd5 Qxf6) 20. Bb1 g6
21. Qd2 Rd8 (21... Bxe5 $5 {seemed risky, but quite possible:} 22. Bxe5 Nf6 23.
Bxf6 Qc6 24. Be4 Qxe4 25. f3 Qe6) 22. Bc2 $2 {In mutual time trouble I missed
a blow:} (22. Nxf7 $1 Kxf7 23. Bxf6 Kxf6 24. Qd4+ Kf7 25. cxd5 {with better
chances:} Bxd5 (25... Rc4 26. Qe3) 26. Ba2 Qf5 27. Rd3 Qg5 28. Rf3+ Kg8 29. Rd1
Rc1 30. Bxd5+ Rxd5 31. Qxd5+ Qxd5 32. Rxc1) (22. cxd5 $2 Bxe5 23. Bxe5 (23. Be4
Bxb2 24. Qxb2 Bxd5 25. Qd2 Qe6) 23... Rcxd5 {and Black wins a pawn.}) 22... Nc3
$1 23. Nd7 (23. Qxc3 Bxe5 {winning the c4-pawn.}) 23... Rxd7 24. Qxd7 Ne2+ 25.
Kf1 Bxb2 26. Rab1 Nc3 27. Qd8+ Kg7 28. Qd4+ Kg8 {In severe time trouble he has
repeated moves.} (28... f6 {gave good winning chances:} 29. Qd7+ Kh6 30. Rxb2
Nxd1 31. Qxc8 Rxc8 32. Bxd1 Rxc4 {and Black should convert his extra pawn.})
29. Qd8+ Kg7 30. Qd4+ Kg8 (30... f6) 31. Qd8+ 1/2-1/2

[Event "Excelsior Cup"]
[Site "Gothenburg"]
[Date "2002.01.13"]
[Round "6"]
[White "Yakovich, Yuri"]
[Black "Brynell, Stellan"]
[Result "1-0"]
[WhiteElo "2593"]
[BlackElo "2506"]
[Annotator "Ziegler,A"]
[PlyCount "81"]
[EventDate "2002.01.08"]
[EventType "tourn"]
[EventRounds "9"]
[EventCountry "SWE"]
[EventCategory "9"]
[SourceTitle "CBM 088"]
[Source "ChessBase"]
[SourceDate "2002.03.21"]
[SourceVersion "1"]
[SourceVersionDate "2002.03.21"]
[SourceQuality "1"]

{This was the game, which Yakovich liked the most according to the interview
after the tournament.} 1. d4 e6 2. c4 Nf6 3. Nf3 b6 4. a3 c5 5. d5 Ba6 6. Qc2
exd5 7. cxd5 g6 8. Nc3 Bg7 9. g3 O-O 10. Bg2 d6 11. O-O Nbd7 {Kasparov spelade:
Kasparov played:} (11... Re8 $5 {mot Gelfand i novgorod 1997 och efter against
Gelfand in Novgorod 1997 and after} 12. Re1 Nbd7 {valde Gelfand istället:
Gelfand instead chose} 13. h3 b5 14. e4 Qc8 $1 {Ett drag som Kasparov var
mycket nöjd med. Svart står inte sämre. A move which pleased Kasparov a lot,
black is by no means worse.}) (11... b5 $5) 12. Bf4 (12. Qa4 $5 Bb7 13. Qh4 {
som Rustemov,A spelade mot Gagarin,V i Moskva 1995 är en intressant manöver.
Poängen är att vit hotar det förlamande Lg5 vilket i praktiken tvingar fram
Se8, och då spelar man ändå Lg5 och tvingar således fram ...f6 och så hoppas
man att den försvagningen med tiden skall göra sig gällande. as Rustemov
played against Gagarin in Moscow 1995 is an interesting manoeuvre. The point
is that white threats the paralyzing Bg5, so black is practically forced to
play Ne8, but white plays Bg5 anyway and provokes ...f6, a slight weakness
which white hopes to exploit.}) 12... Qe7 (12... Qc7 {Är inte lika bra på
grund av: is not good, because of} 13. Qa4 $1 {Och nu skulle man helst vilja
backa med löparen men då kommer Sb5. And now black would like to retreat to b7,
but then white plays Nb5.}) 13. Rfe1 Rfe8 {[#] Vi har en modern ställning
framför oss. Båda spelarna måste uppmärksamma dels bondedrag och dels pjäsdrag.
Svart har en benoniliknande struktur där han är hänvisad till
damflygelexpansion. Men hans pjäser står inte idealiskt med tanke på detta. En
pjäs som står förhållandevis dåligt är löparen på a6. Den står i vägen för
a7-bonden och kan lätt utsättas för grova trackasserier av en dam på a4.
Svarts ställning är i huvudsak belastad med en svaghet - d6-bonden. Den är för
tillfället beskyddad, men rätt som det är kommer Da4 följt av Sb5. We have a
modern position in front of us. Both players must be very attentive to all
kind of moves, both with pieces and pawns. Black has a benoni type position
where he must succeed with some kind of expansion on the Queen's wing. But the
pieces are not ideally placed for this. One piece that stands comparately bad
is the bishop on a6. It hinders the a-pawn and is also exposed to harassments
by her majesty on a4. Black's most vulnerable point is d6. It is temporarily
protected, but there is always Qa4 followed by Nb5.} (13... Ng4 $6 14. Qa4 Bb7
15. Bxd6 Qxd6 16. Qxg4 {som i Lputian,S-Gulko,B,<Glendale 1994}) (13... Bb7 {
Är det säkraste draget. Svart har tillgång till Se8 när Sb5 kommer och kan
därför spela a6 i lugn och ro. Nackdelen med draget är att det är lite
långsamt och ger vit mycket manöverutrymme såsom Ta-b1 följt av b2-b4. Idén
med dessa två drag är att stoppa svarts damflygelexpansion tidigt samtiidgt
som man provocerar fram c5-c4 för att kunna hoppa in med en springare på c6,
via d4. Is the safest move. Black has access to Ne8 in case of Nb5, and black
can play a6-b5. The demerit of the move is that it is pretty slow. White has
planty of time for various type s of maneuvers like for instance Rab1 followed
by b2-b4. The point behind these moves is to stop the queenside expansion by
black in its infancy. This also provokes c5-c4, which gives white the
d4-square (heading for c6) for his knight.}) 14. Qa4 ({Steffen Pedersen
spelade:} 14. Rad1 {mot Stellan i Wrexham 1998. Ett fint drag som förbereder
e4, och vit har lite extra koll på d3-fältet. En annan poäng är att man hotar
Da4, följt av Sb5. Det följde.} b5 15. e4 b4 16. Na4 bxa3 17. e5 dxe5 (17...
axb2 18. exf6 Qxf6 {skulle leda till oklart spel.}) 18. Nxe5 {Och vits mer
välkoordinerade pjäser i kombination med den farliga d-bonden gav vit fördel.})
14... Bb7 15. Nb5 {Vit utnyttjar de taktiska möjligheter som står till
förfogande. Vi befinner oss fortfarande på känd terräng varför vi kan anta att
de båda spelarna befann sig inom hemförberedelsernas domän. White exploits the
tactical possibilities inherent in the position. We are still in known
territory. My guess is that both players where within the domain of home
preparation.} Ne5 (15... Ne4 {Är tyket: Is an impertinent choice:} 16. Nc7 Bxb2
17. Rab1 (17. Nxe8 Qxe8 (17... Bxa1 $6 18. Nxd6 Nxd6 19. Rxa1 Bxd5 $6 20. Rd1
Nf6 21. Rxd5 Nxd5 22. Qc6 $1) 18. Rab1 Bg7 19. Qc4 Nc3 20. Rbc1 b5 {Med kamp.
Khenkin,I-Hracek,Z, Koszalin 1998. With a full blooded fight. Khenkin,I-Hracek,
Z, Koszalin 1998.}) 17... Bg7 (17... Bc3 $5) 18. Nxa8 Bxa8 19. Qxa7 Nc3 20.
Rbc1 Bxd5 21. e4 {Leder till svårt spel, där svart måste bevisa korrektheten i
sitt offer. Leads to difficult play where black has to prove the correctness
of his sacrifice.}) (15... Nxd5 16. Bxd6 Qf6 17. e4 a6 18. Nc7 {Svart har otur,
d7-springaren hänger. Black has bad luck, his knight on d7 is hanging.}) 16.
Nxe5 dxe5 17. d6 Qd7 18. Bxb7 Qxb7 19. Bg5 {[#] Hit var det i viss mån
forcerat efter Se5, och troligen har minst en av spelarna haft ställningen
uppe på analysbrädet. Up to this point it was to some extent forced after Ne5,
and I believe that minimum one of the players have had it on the board some
time before the game.} Qc6 {Förnuftigt. Reasonable.} (19... Qd7 {lockar svart
till en spännande variant: Could lure black into unexpected trouble after:} 20.
Qa6 Ne4 21. Be7 c4 {Poängen är att damen på a6 är i trångmål, men det visar
sig att vit kan slinka undan med mer än hedern i behåll: The point is that the
queen on a6 is in trouble, but it turns out that white can escape with a
straight plus.} 22. Nc7 Rxe7 23. Qb7 $1 (23. Nxa8 $2 Nxd6 {Tvingar vit att
offra tillbaka på d6. Forces with to sac the rook on d6.}) 23... Nxd6 24. Qxa8+
Nc8 25. Nd5 Re8 26. Rad1 {Ger vit en klar fördel. Gives the advantage to white.
}) 20. Qa6 ({Vit kunde redan nu spelat: White could already play:} 20. Bxf6
Bxf6 21. Qa6 {Men Jakovitj ger Stellan möjligheten att bli ivrig och spela
Se4?! But Yakovich gives Brynell chances to be impatient and play Ne4?!}) 20...
Red8 21. a4 Rd7 22. Bxf6 {Vit bjuder nu in till en intressant diskussion, där
han menar att vit kan upprätthålla en statisk struktur där springaren är att
föredra framför löparen. White invites to an interesting debate where he means
that white can uphold a static structure where the knight is to be prefered
before the bishop.} Bxf6 {[#]} 23. a5 Bd8 $6 {Löparen gillar inte att bli
passiv. På sätt och vis är draget liktydigt med strategisk resignation.
Stellan är bra på att försvara sig passivt och brukar ofta komma undan. Men nu
består motståndet av en välutbildad elev från den ryska skolan. The bishops
don't like passive duties. This move is a sort of strategic resignation.
Brynell is good at defending, and he often escapes. But this time he plays a
well educated Russian GM.} (23... e4 $1 {Var bättre. Svart måste sträva efter
någon form av motspel. T ex: Was certainly better. Black has to strive for
counter play by all means. I.e.} 24. axb6 Rb7 $1 25. Nc7 Rxb6 26. Qc4 Rb4 27.
Qd5 Qxd5 28. Nxd5 Bxb2 29. Nxb4 Bxa1 30. Rxa1 cxb4 31. d7 Rd8 32. Rxa7 f5 {
Svart kan inte förlora. Black can't lose.}) 24. e4 {Vit passar på att fixera
ställningen en smula. White fixates the position a little.} Qc8 $6 {Stellan
orkar inte längre utan accepterar en något sämre ställning. Brynell goes out
of stamina, and accepts a position with no hopes.} ({Det hade varit bättre att
spela Dc8 med dragen: It would have been better to include the moves:} 24... c4
25. Rac1 {inlagda: before going to c8.} Qc8 26. Qxc8 Rxc8 {Nu hinner vit inte
med a6. And now white lack time for a6.}) 25. Qxc8 Rxc8 26. a6 {Där satt den!
Hits the nail on the head.} Bg5 27. Rad1 f6 {Det förlorande draget. [#] Det
ser onekligen bra ut för vit, men det är alltid roligt att se hur en mästare
tar vara på ställningens möjligheter. The losing move. It surely looks
prosperous for white, but it is always fun to see how a master exploits the
possibilities in the position.} ({svart kunde ha börjat med Black could have
started with:} 27... Bh6 {för att delvis ta udden av vits Tf1-f4 plan,
eftersom f7-bonden håller e6-fältet. to take the sting out of Rf1-f2-f4. the
pawn on f7 must cover the e6-square.} 28. Rd5 Kf8 {Men det är klart, förr
eller senare hade väl vit lyckats bryta igenom ändå. Om svart är extremt
passiv kan kungen tränga in på de vita fälten. But it is crystal clear, sooner
or later white would probably find a hole somewhere.}) 28. Rf1 $1 {Vit
bestämmer sig för att spela f4. Poängen är att svart måste välja mellan att
låta e5-bonden bli isolerad eller att slå på f4 och ta emot vits e5. Faktum är
att svart är förlorad i alla varianter. White decides to play f4. The point is
that black has an evil choice between accepting a really weak pawn on e5 or
letting white's pawns roll.} Bh6 29. f4 exf4 (29... Bg7 30. fxe5 fxe5 {Och
kungen går så småningom till d5. And the king will end up at d5.}) 30. gxf4 Re8
31. Rde1 Re6 {bäst best} 32. e5 fxe5 33. Rxe5 Rf6 {enda draget. the only move}
34. Re7 Rf7 {enda draget. the only move} (34... Rfxd6 35. Re8+ Kf7 36. Nxd6+) (
34... Rxe7 35. dxe7 Re6 36. Nxa7 Rxe7 37. Nb5 {a-bonden. the a-pawn.}) 35. Rfe1
{[#]} Bf8 ({även also} 35... Bxf4 {förlorar. looses} 36. Rxd7 Rxd7 37. Re7 Rxe7
38. dxe7 Kf7 39. Nxa7 {följt av Sb5, a7. followed by Nb5, a7.}) 36. Rxd7 Rxd7
37. Re8 Kf7 38. Ra8 Bxd6 39. Rxa7 Rxa7 40. Nxa7 Ke6 41. Nc6 1-0